000 00735nam a22002657a 4500
003 UA-OsUOA
001 20926
007 ta
008 20031107b un ||||| |||| 00| 0 ukr d
100 _aРибалка І.К.
090 _a94(477)
_bР49
942 _cBK
040 _aUA-OsUOA
_bukr
_cUA-OsUOA
_dUA-OsUOA
245 _aІсторія України
_bвід початку ХІХ століття до лютого 1917 року
300 _a480 с.
955 _a2
041 _aukr
080 _a94(477)
020 _a5-7768-0470-1
260 _aХарків
_bОснова
_c1997
246 3 1 _aЧ. 2
_n
044 _aUA
650 7 _a9 Географія. Біографії. Історія
_2UDC
999 _c307114
_d307114